| 000 | 00804pam a2200289 i 4500 | ||
|---|---|---|---|
| 999 |
_c1143 _d1143 |
||
| 001 | 020260423 | ||
| 003 | UkOxU | ||
| 005 | 20211206104743.0 | ||
| 008 | 140401s2014 enk j 000 1 eng d | ||
| 015 |
_aGBB456683 _2bnb |
||
| 020 | _a9781405265157 (hbk.) : | ||
| 035 | _a(Uk)016733203 | ||
| 040 |
_aStDuBDS _beng _cStDuBDS _dUk _dKH8 _erda |
||
| 042 | _aukblcatcopy | ||
| 082 | _aFIC GRA | ||
| 100 | 1 |
_aGrant, Michael, _d1954- _eauthor. |
|
| 245 | 1 | 0 |
_aMessenger of fear / _cby Michael Grant. |
| 264 | 1 |
_aLondon : _bElectric Monkey, _c2014. |
|
| 300 |
_a308 pages ; _c23 cm |
||
| 336 |
_atext _2rdacontent |
||
| 337 |
_aunmediated _2rdamedia |
||
| 338 |
_avolume _2rdacarrier |
||
| 500 |
_aFormerly CIP. _5Uk |
||
| 655 | 0 | _aThrillers (Fiction) | |
| 655 | 0 | _aYoung adult fiction. | |
| 942 |
_2ddc _cFIC |
||